<?xml version="1.0" encoding="UTF-8"?>
<record
    xmlns:xsi="http://www.w3.org/2001/XMLSchema-instance"
    xsi:schemaLocation="http://www.loc.gov/MARC21/slim http://www.loc.gov/standards/marcxml/schema/MARC21slim.xsd"
    xmlns="http://www.loc.gov/MARC21/slim">

  <leader>00664nam a22001937a 4500</leader>
  <controlfield tag="005">20160715130001.0</controlfield>
  <datafield tag="010" ind1=" " ind2=" ">
    <subfield code="a">ENG-115436-437</subfield>
  </datafield>
  <datafield tag="020" ind1=" " ind2=" ">
    <subfield code="c"> 3500.00 (set of 2 vols.)</subfield>
    <subfield code="a">9789383784011 (set of 2 vols.)</subfield>
  </datafield>
  <datafield tag="035" ind1=" " ind2=" ">
    <subfield code="a">EN-98968-969</subfield>
  </datafield>
  <datafield tag="037" ind1=" " ind2=" ">
    <subfield code="b">DBAD/PUB</subfield>
  </datafield>
  <datafield tag="082" ind1=" " ind2=" ">
    <subfield code="2">355.03109540951</subfield>
  </datafield>
  <datafield tag="100" ind1=" " ind2=" ">
    <subfield code="a">K.K.Singh</subfield>
  </datafield>
  <datafield tag="245" ind1=" " ind2=" ">
    <subfield code="a">Indo- China relations and 1962 war /</subfield>
    <subfield code="c">K.K.Singh</subfield>
  </datafield>
  <datafield tag="246" ind1=" " ind2=" ">
    <subfield code="a">Indo- China relations and 1962 war; Krishna Kumar Singh</subfield>
  </datafield>
  <datafield tag="260" ind1=" " ind2=" ">
    <subfield code="a">Delhi</subfield>
    <subfield code="b">Neeraj Publishing House</subfield>
    <subfield code="c">2014</subfield>
  </datafield>
  <datafield tag="270" ind1=" " ind2=" ">
    <subfield code="a">425,Nimri Colony,Ashok Vihar,Phase-IV</subfield>
    <subfield code="b">Delhi</subfield>
    <subfield code="e">110052</subfield>
  </datafield>
  <datafield tag="300" ind1=" " ind2=" ">
    <subfield code="a">vii,326p.</subfield>
    <subfield code="c">22cm(Hb)</subfield>
  </datafield>
  <datafield tag="942" ind1=" " ind2=" ">
    <subfield code="2">ddc</subfield>
    <subfield code="c">EN</subfield>
    <subfield code="h">355.03109540951</subfield>
    <subfield code="m">KRI</subfield>
  </datafield>
  <datafield tag="999" ind1=" " ind2=" ">
    <subfield code="c">101318</subfield>
    <subfield code="d">101318</subfield>
  </datafield>
  <datafield tag="952" ind1=" " ind2=" ">
    <subfield code="0">0</subfield>
    <subfield code="1">0</subfield>
    <subfield code="3">V.-1</subfield>
    <subfield code="4">0</subfield>
    <subfield code="7">1</subfield>
    <subfield code="8">NFIC</subfield>
    <subfield code="a">DBAD</subfield>
    <subfield code="b">BN</subfield>
    <subfield code="d">2016-07-15</subfield>
    <subfield code="e">DBAD/PUB</subfield>
    <subfield code="g">3500.00</subfield>
    <subfield code="l">0</subfield>
    <subfield code="o">355.03109540951 KRI</subfield>
    <subfield code="p">EN-98968</subfield>
    <subfield code="r">2016-07-15 00:00:00</subfield>
    <subfield code="t">1</subfield>
    <subfield code="v">3500.00</subfield>
    <subfield code="y">EN</subfield>
  </datafield>
  <datafield tag="952" ind1=" " ind2=" ">
    <subfield code="0">0</subfield>
    <subfield code="1">0</subfield>
    <subfield code="3">v.-2</subfield>
    <subfield code="4">0</subfield>
    <subfield code="7">0</subfield>
    <subfield code="8">NFIC</subfield>
    <subfield code="a">AV</subfield>
    <subfield code="b">AV</subfield>
    <subfield code="d">2016-07-15</subfield>
    <subfield code="e">DBAD/PUB</subfield>
    <subfield code="g">3500.00</subfield>
    <subfield code="l">1</subfield>
    <subfield code="m">2</subfield>
    <subfield code="o">355.03109540951 KRI</subfield>
    <subfield code="p">EN-98969</subfield>
    <subfield code="r">2025-02-20 00:00:00</subfield>
    <subfield code="s">2025-01-23</subfield>
    <subfield code="t">1</subfield>
    <subfield code="v">3500.00</subfield>
    <subfield code="y">EN</subfield>
  </datafield>
</record>
